banner-ar

CHILD DEVELOPMENT AND EARLY EDUCATION / (Record no. 10995)

MARC details
000 -الفاتح
حقل البيانات ثابتة الطول 00522nam a2200193Ia 4500
008 - عناصر البيانات ثابتة الطول - معلومات عامة
حقل البيانات ثابتة الطول 140319s9999 xx 000 0 eng d
040 ## - مصدر الفهرسة
وكالة الفهرسة الأصلية GCL /
وكالة النسخ GCL
082 04 - رقم تصنيف ديوى العشرى
رقم التصنيف 305.231
رقم المادة T C
100 1# - المدخل الرئيسى - إسم شخصى
الإسم الشخصى HAMNER, TOMMIE
245 10 - بيان العنوان
العنوان CHILD DEVELOPMENT AND EARLY EDUCATION /
بيان المسئوليه,etc HAMNER, TOMMIE
700 1# - المدخل الاضافى - اسم شخصى
الإسم الشخصى TURNER, PANLINE
260 ## - PUBLICATION, DISTRIBUTION, ETC. (IMPRINT)
تاريخ النشر أو التوزيع 1924
300 ## - الوصف المادى
التعداد 331.P
650 04 - المدخل الاضافى بالموضوع-مصطلح موضوعى
مصطلح موضوعي EARLY CHILDHOOD EDUCATION
650 04 - المدخل الاضافى بالموضوع-مصطلح موضوعى
مصطلح موضوعي CHILD - DEVELOPMENT
650 04 - المدخل الاضافى بالموضوع-مصطلح موضوعى
مصطلح موضوعي CHILD - CARE
942 ## - عناصر المدخل الإضافي( كوها)
مصدر التصنيف او مخطط الترفيف Dewey Decimal Classification
Koha [default] item type كتاب
260 ## - PUBLICATION, DISTRIBUTION, ETC. (IMPRINT)
-- [S.N] :
-- ALLYN AND BACON ،
Holdings
حالة التراجع حالة الفقد حالة تلف ليس للاعارة المكان المؤقت الموقع الحالى تاريخ الاكتساب اجمالي اﻻعارات رقم الطلب الباركود تاريخ اخر مشاهدة تاريخ تفعيل السعر نوع وعاء كوها
        مكتبة القاهرة الكبرى مكتبة القاهرة الكبرى 03/26/2014   305.231\T C 21970 03/26/2014 03/26/2014 كتاب

Powered By

EGPV